[Event "Castellaneta op 3rd"]
[Site "Castellaneta"]
[Date "1999.08.29"]
[Round "2"]
[White "Cioara, Andrei Nestor"]
[Black "Artizzu, Giulio"]
[Result "1-0"]
[WhiteElo "2423"]
[BlackElo "2195"]
[PlyCount "85"]
[EventDate "1999.08.29"]
[EventType "swiss"]
[EventRounds "6"]
[EventCountry "ITA"]
[SourceTitle "EXT 2000"]
[Source "ChessBase"]
[SourceDate "1999.11.16"]
[SourceVersion "1"]
[SourceVersionDate "1999.11.16"]
[SourceQuality "1"]

1. e4 c5 2. Nf3 d6 3. d4 cxd4 4. Nxd4 Nf6 5. Nc3 a6 6. Be3 Ng4 7. Bg5 h6 8. Bh4 g5 9. Bg3 Bg7 10. Be2 Ne5 11. f3 Nbc6 12. Bf2 Ng6 13. Nd5 0-0 14. Qd2 e6 15. Nc3 Bd7 16. g3 Rc8 17. Rd1 b5 18. Nxc6 Rxc6 19. Bd4 e5 20. Be3 Qc8 21. Rc1 Be6 22. 0-0 f5 23. exf5 Bxf5 24. Bd3 Ne7 25. Nd5 Nxd5 26. Bxf5 Rxf5 27. Qxd5+ Kh8 28. c3 Rf8 29. Kg2 Qe8 30. Rcd1 Rc4 31. Qxd6 e4 32. f4 Qh5 33. Rd2 Rf6 34. Qd5 Qg4 35. h3 Qc8 36. f5 Rf8 37. g4 b4 38. Bd4 bxc3 39. f6 Bxf6 40. Rxf6 Rxd4 41. Rxf8+ Qxf8 42. Qxd4+ Kg8 43. Qc4+ 1-0

[Event "Montecatini Terme op 8th"]
[Site "Montecatini Terme"]
[Date "1999.08.05"]
[Round "6"]
[White "Artizzu, Giulio"]
[Black "Caposciutti, Maurizio"]
[Result "0-1"]
[WhiteElo "2195"]
[BlackElo "2305"]
[PlyCount "54"]
[EventDate "1999.07.31"]
[EventType "swiss"]
[EventRounds "9"]
[EventCountry "ITA"]
[SourceTitle "EXT 2000"]
[Source "ChessBase"]
[SourceDate "1999.11.16"]
[SourceVersion "1"]
[SourceVersionDate "1999.11.16"]
[SourceQuality "1"]

1. e4 c5 2. Nf3 Nc6 3. d4 cxd4 4. Nxd4 Nf6 5. Nc3 d6 6. Bg5 e6 7. Qd2 Be7 8. 0-0-0 0-0 9. f3 Nxd4 10. Qxd4 Qa5 11. Qd2 a6 12. Kb1 Qc5 13. g4 b5 14. Be3 Qc7 15. g5 Nd7 16. h4 Ne5 17. f4 Nc4 18. Bxc4 Qxc4 19. Bd4 Bb7 20. b3 Qc7 21. Rhe1 Rfc8 22. e5 Bf3 23. Ne2 d5 24. Ng3 Bb4 25. Qd3 Bxd1 26. Rxd1 Bc3 27. Nh5 Bxd4 0-1